000 01398nam a22003857a 4500
003 CHAP
005 20220329134509.0
008 971013s1994 r 00010 d
010 _a21208
011 _a22180
035 _a26273
040 _cCHAP
090 _aTesis
100 0 0 _aVázquez Salazar, María Esther.
_9120508
245 _aDinámica poblacional y evaluación de daños ocasionados por Diabrótica spp. y Phillophaga spp. en maíz, en Jilotepec, Estado de México
260 _aChapingo, Méx. :
_bEl autor,
_c1994
300 _a80 h.
_b: ilus.
502 _aTesis (Ing. Agr. Esp. en Fitotecnia) -- UACH. Departamento de Fitotecnia
590 _aALEPH
_b10
_c20130110
_lUCH01
_h1245
590 _aBATCH-UPD
_b10
_c20130110
_lUCH01
_h0230
590 _aBATCH-UPD
_b10
_c20130110
_lUCH01
_h0938
590 _aBATCH-UPD
_b10
_c20130409
_lUCH01
_h2253
590 _aBATCH-UPD
_b10
_c20130410
_lUCH01
_h1351
590 _aBATCH-UPD
_b10
_c20130914
_lUCH01
_h1159
590 _aCONVERSION
_b10
_c20130109
_lUCH01
_h1313
650 1 4 _aDiabrotica.
_932382
650 1 4 _aMaíz
_xPlagas.
_971034
650 1 4 _aMaíz
_zMéxico (Edo.).
_971099
650 1 4 _aPhyllophaga.
_987881
901 _aBK
942 _cFOLL
949 _bBC
_cTES
_d-60695
_eTS1
_h26966
_i26273
_si
949 _bBC
_cTES
_d33724000694626
_eTS2
_fc.2
_h26967
_i26273
_si
949 _bBC
_cTES
_d33724000694634
_eTS2
_fc.3
_h26968
_i26273
_si
999 _c21208
_d21208